000 00576naa a22001937i 4500
001 193296
003 ES-MaBCM
005 20230228070200.0
008 130415b2012 sp ||||| |||| 00| 0 spa d
021 _axx
035 _a(OCoLC)1365197350
040 _cES-MaBCM
100 _aAlba Isasi, Javier
_9116474
245 _aLa imitación como acto de competencia desleal
_cJavier Alba Isasi
650 7 _aCompetencia económica desleal
_958006
651 4 _aEspaña
_9115342
773 0 _aEn
_dMadrid
_gVol. 3 (2012), p. 1784-1787 (D-304)
_tLa Ley
_w104460
942 _2udc
_cAREV
999 _c193296
_d193296